000 00650nam a22001817a 4500
003 UA-OsUOA
001 13430
007 ta
008 20030526b un ||||| |||| 00| 0 ukr d
100 _aМельникова Н.
942 _cSA
040 _aUA-OsUOA
_cUA-OsUOA
_dUA-OsUOA
245 _aБезмежне поле експерименту: У Дубен. р-ні з успіхом пройшов творч. звіт експиримент. навч.-вихов. закладів
300 _aС.7
955 _a0
773 0 _w0
_tВільне слово
_dРівне
_d2003
_g№37/14 трав./
650 7 _aКраєзнавча робота
_2UDC
999 _c299591
_d299591